Bimbingan dan kaunseling
| Main Author: | |
|---|---|
| Published: |
Kuala Lumpur:
Utusan publications & Distributors Sdn Bhd,
2005.
|
| Series: | Siri pengajian dan pendidikan Utusan
|
| Subjects: |
| LEADER | 00498cam a2200157 7i4500 | ||
|---|---|---|---|
| 001 | 0000051255 | ||
| 005 | 20070510090000.0 | ||
| 020 | # | 0 | |a 9676106046 |
| 090 | 0 | 0 | |a LB 1027.5 |b S8 |
| 100 | 0 | # | |a Suradi Salim |
| 245 | 1 | 0 | |a Bimbingan dan kaunseling |c Suradi Salim. |
| 260 | # | # | |a Kuala Lumpur: |b Utusan publications & Distributors Sdn Bhd, |c 2005. |
| 300 | # | # | |a 423 p.; |c 23 cm.. |
| 490 | 0 | 0 | |a Siri pengajian dan pendidikan Utusan |
| 650 | 0 | 0 | |a Educational counseling |
| 999 | |a 1100043211 |b Book |c Open Shelf |e KOLEKSI TERBUKA | ||


